Design of concrete structures /

Introduction; Materials; Flexural analysis and design of Beams; Shear and diagonal tension in beams; Bond, anchorage, and development length; Serviceability; Analysis and design for torsion; ..

Wedi'i Gadw mewn:
Manylion Llyfryddiaeth
Prif Awdur: Nilson, Arthur H., Prof.
Awduron Eraill: Darwin, David.
Fformat: Llyfr
Iaith:English
Cyhoeddwyd: New York : McGraw-Hill, 1997.
Rhifyn:12th ed.
Cyfres:McGraw-Hill civil engineering series / McGraw-Hill series in construction engineering and project management.
Pynciau:
Tagiau: Ychwanegu Tag
Dim Tagiau, Byddwch y cyntaf i dagio'r cofnod hwn!
Thư viện lưu trữ: Mạng thư viện Đại học Đà Nẵng
LEADER 01672cam a2200421 a 4500
001 000048524
003 8246
005 20060621143742.0
008 010324b1997 vm 000 eng
020 |a 0071154256 
020 |a 0070465878 (pbk.) 
040 |a IRC  |c IRC  |d IRC 
041 0 |a eng 
082 1 4 |a 624.18341  |b NI-A 
100 1 |a Nilson, Arthur H.,  |c Prof. 
245 1 0 |a Design of concrete structures /  |c Arthur H. Nilson ; with contributions by David Darwin. 
250 |a 12th ed. 
260 |a New York :  |b McGraw-Hill,  |c 1997. 
300 |a xvii, 780 p. :  |b ill. ;  |c 22.5 cm. 
440 0 |a McGraw-Hill civil engineering series / McGraw-Hill series in construction engineering and project management. 
500 |a Includes bibliographical references and index. 
520 3 |a Introduction; Materials; Flexural analysis and design of Beams; Shear and diagonal tension in beams; Bond, anchorage, and development length; Serviceability; Analysis and design for torsion; .. 
630 0 4 |a Reinforced concrete construction. 
650 0 4 |a Prestressed concrete construction. 
650 0 4 |a Reinforced concrete construction. 
700 1 |a Darwin, David. 
OWN |a DUT 
AVA |a UDN50  |b DUT  |c Book  |d 624.18341 NI-A  |e available  |t Error 5001 Not defined in file expand_doc_bib_avail.  |f 2  |g 0  |h N  |i 0  |j SH  |k 1 
999 |a From the UDN01 
AVA |a UDN50  |b DUT  |c Book  |d 624.18341 NI-A  |e available  |t Error 5001 Not defined in file expand_doc_bib_avail.  |f 2  |g 0  |h N  |i 0  |j SH  |k 1 
TYP |a Monograph 
TYP |a Printed language 
980 |a Mạng thư viện Đại học Đà Nẵng